000 01449nam a22001577a 4500
041 _aukr
080 _a09
090 _bЦІМ
100 _aЦімахович К. П.
245 _aЛексико-семантичне поле "душевний стан людини" (на матеріалі творів "Джейн Ейр" Шарлотти Бронте та "Віднесені вітром" Маргарет Мітчелл)
260 _aОстрог
_bКАФ
_c2012
300 _a59
520 _aРОЗДІЛ 1. ТЕОРЕТИЧНІ ОСНОВИ ВИВЧЕННЯ ЛЕКСИКИ НА ПОЗНАЧЕННЯ ЕМОЦІЙ. 1.1. Лексико-семантичне поле як сруктурний компонент худоднього твору. 1.2. Емоції як обєкт вивчення в лінгвістиці. 1.3. Структура лексико-семантичного поля "душевний стан людини" в романах "Джейн Ейр" Шарлоти Бронет та "Віднесені вітром" Маргарет Мітчелл. 2.2. Тематична та функціонально-семантична структура лексико-семантичного поля "душевний стан людини" в аналізованих творах і його емоційні центри.
_0лексико-семантичне поле
650 _aResearch Papers
999 _c284866
_d284866
942 _cBK